1565 1508 1200 1661 1228 1293 1496 1415 1904 1184 1264 1193 1307 1224 1510 1498 1773 1646 1687 1661 1869 1348 1894 1266 1120 1073 1575 1050 1560 1875 1197 1146 1379 1943 1098 1980 1557 1332 1091 1247 1050 1597 1588 1508 1923 1219 1756 1088 1157 1200 1634 1223 1508 1641 1154 1811 1209 1830 1054 1946 1721 1096 1530 1611 1215 1943 1991 1040 1721 1097 1569 1080 1316 1575 1248 1348 1685 1445 1629 1902 1867 1695 1010 1354 1415 1607 1360 1763 1598 1046 1859 1816 1839 1759 1317 1313 1505 1039 1742 BCNSPRNW ULIB Ver.6.0+V

เปลี่ยนเป็นภาษาไทย

Change to English
 แสดงรายละเอียดบรรณานุกรม
  กลับหน้าหลัก

Brief Record : Get Marc (ISO 2709) : E-mail record : QR code < ปิดหน้าต่าง
LEADER : 00000nam 2200000uu 4500
001    13399125182
003     ULIB
008    161102s2559||||th 000 0 tha d
020    ^a9786164070059
060  4 ^aWM274^bอ778อ
100 0  ^aอุกฤษฏ์ ปัทมานันท์,ณัฐช์นิชา ตั้งวีรัตน์กร
245 10 ^aอุตสาหกรรมผลิตเครื่องดื่มแอลกกอฮอล์ของประเทศในกลุ่มอาเซียนที่มีโอกาสและแนวโน้มส่งผลกระทบต่อประเทศไทย /^cอุกฤษฏ์ ปัทมานันท์,ณัฐช์นิชา ตั้งวีรัตน์กร
250    ^aพิมพ์ครั้งที่ 1.
260    ^aกรุงเทพฯ :^bศูนย์วจัยปัญหา(ศวส.),^c2559
300    ^a272 หน้า :^bภาพประกอบ
945    ^p0^l0^i001457
945    ^p0^l0^i001458
945    ^p0^l0^i001459
945    ^p0^l0^i001460
999    ^aวรรณษา ชูชัยมงคล
รายการนี้ยังไม่มีแท็ก
คุณยังไม่ได้ล็อกอิน คุณสามารถมีกิจกรรมร่วมกับเว็บไซต์ได้ แต่ต้องล็อกอินก่อน ::
  ล็อกอิน

รายการสื่อสารสนเทศ

ลำดับที่ ประเภท เลขเรียก/บาร์โค้ด สถานที่ สถานะ
1. การศึกษาทั่วไป
การศึกษาทั่วไป
สถานะ=หนังสือเก่า
WM274 อ778อ ฉ.1 
  Barcode: 001457
ห้องสมุดวิทยาเขตสวรรค์ประชารักษ์
►ส่วนจัดเก็บหนังสือเก่า สปร
บนชั้น
  ขอยืม
2. การศึกษาทั่วไป
การศึกษาทั่วไป
สถานะ=หนังสือเก่า
WM274 อ778อ ฉ.2 
  Barcode: 001458
ห้องสมุดวิทยาเขตสวรรค์ประชารักษ์
►ส่วนจัดเก็บหนังสือเก่า สปร
บนชั้น
  ขอยืม
3. การศึกษาทั่วไป
การศึกษาทั่วไป
สถานะ=หนังสือเก่า
WM274 อ778อ ฉ.3 
  Barcode: 001459
ห้องสมุดวิทยาเขตสวรรค์ประชารักษ์
►ส่วนจัดเก็บหนังสือเก่า สปร
บนชั้น
  ขอยืม
4. การศึกษาทั่วไป
การศึกษาทั่วไป
สถานะ=หนังสือเก่า
WM274 อ778อ ฉ.4 
  Barcode: 001460
ห้องสมุดวิทยาเขตสวรรค์ประชารักษ์
►ส่วนจัดเก็บหนังสือเก่า สปร
บนชั้น
  ขอยืม

BibComment


ยังไม่เคยถูกคอมเมนท์

คอมเมนท์ทรัพยากรรายการนี้
  คอมเมนท์: อุตสาหกรรมผลิตเค..


 Copyright 2026. Bcnsprnw @Library